000 01407cam a22003857a 4500
003 CHAP
005 20220329142754.0
008 030825s2003 mx a r 00010 spa d
010 _a87591
011 _a88563
035 _a99108
040 _cCHAP
090 _aTesis
100 0 0 _aMota Cruz, Cecilio.
_979054
245 1 0 _aEstudio etnobotánico en una comunidad popoloca :
_bTodos Santos Almolonga, Tepexi de Rodríguez, Puebla
_c/por Cecilio Mota Cruz
260 _aChapingo, Méx. :
_bEl autor,
_c2003.
300 _a217 p. :
_bilus.
502 _aTesis (Ing. en Agroecología) --UACH. Departamento de Agroecología
530 _aTambién disponible en línea
590 _aALEPH
_b10
_c20130110
_lUCH01
_h1455
590 _aBATCH-UPD
_b10
_c20130110
_lUCH01
_h0718
590 _aBATCH-UPD
_b10
_c20130410
_lUCH01
_h0403
590 _aBATCH-UPD
_b10
_c20130914
_lUCH01
_h1331
590 _aBATCH-UPD
_b10
_c20140324
_lUCH01
_h1440
590 _aBATCH-UPD
_b10
_c20141002
_lUCH01
_h0819
590 _aCONVERSION
_b10
_c20130109
_lUCH01
_h1349
650 1 4 _aEtnobotánica
_xPuebla.
_938632
650 1 4 _aIndios de Puebla.
_957654
856 _3Finding aid
_uhttp://10.13.5.2/tesis/99108.pdf
_zTeclea aqui
901 _aBK
905 _aAlejandra Carrasco M.
942 _cFOLL
949 _aTesis
_bBC
_cTES
_d33724000898581
_eTS2
_fc.2
_h41282
_i99108
_si
949 _aTesis
_bBC
_cTES
_d991081
_eTS1
_h41281
_i99108
_sb
999 _c87591
_d87591